Sociální a ekonomická rizika soudobého vývoje

Salvato in:
Dettagli Bibliografici
Autore principale: Varadzin, František
Natura: Libro
Lingua:ceco
Pubblicazione: Praha Professional Publishing 2011
Soggetti:
Tags: Aggiungi Tag
Nessun Tag, puoi essere il primo ad aggiungerne!!

MARC

LEADER 00000nam a2200000 4500
001 0159615
005 20240313090420.4
020 |a 978-80-7431-053-9 
041 0 |a cze 
044 |a CZ 
245 1 0 |a Sociální a ekonomická rizika soudobého vývoje  |c František Varadzin a kol. 
264 1 |a Praha  |b Professional Publishing  |c 2011 
300 |a 180 s. 
610 2 0 |a riziko 
610 2 0 |a reformy hospodárske 
610 2 0 |a Česko 
610 2 0 |a riziko finančné 
610 2 0 |a kríza finančná 
610 2 0 |a kríza hospodárska 
610 2 0 |a vývoj hospodársky 
610 2 0 |a Európska únia 
610 2 0 |a Rusko 
610 2 0 |a starnutie populácie 
610 2 0 |a politika sociálna 
610 2 0 |a politika vzdelávania 
610 2 0 |a Poľsko 
100 1 |a Varadzin, František